[Event "World ol U16"]
[Site "Eindhoven"]
[Date "2023.08.18"]
[Round "9.28"]
[White "Antoniou, Rafail"]
[Black "Wangthumboon, Patawee"]
[Result "1/2-1/2"]
[WhiteElo "1903"]
[BlackElo "1443"]
[PlyCount "46"]
[EventDate "2023.08.13"]
[EventType "team-swiss"]
[EventRounds "9"]
[EventCountry "NED"]
[SourceTitle "CBM 215 Extra"]
[Source "ChessBase"]
[SourceDate "2023.09.30"]
[SourceVersion "1"]
[SourceVersionDate "2023.09.30"]
[SourceQuality "1"]
[WhiteTeam "Cyprus"]
[BlackTeam "Thailand"]
[WhiteTeamCountry "CYP"]
[BlackTeamCountry "THA"]

1. c4 c5 2. Nf3 g6 3. e4 Nc6 4. d4 cxd4 5. Nxd4 Bg7 6. Be3 d6 7. Nc3 Nf6 8. Be2 0-0 9. 0-0 Bd7 10. h3 Nxd4 11. Bxd4 Bc6 12. Qd3 a5 13. f4 Nd7 14. Bxg7 Kxg7 15. Kh2 Qb6 16. b3 Kg8 17. Rab1 Qb4 18. Rbd1 Nc5 19. Qe3 a4 20. bxa4 Nxa4 21. Nxa4 Rxa4 22. Ra1 Rfa8 23. f5 Qc5 1/2-1/2

[Event "World ol U16"]
[Site "Eindhoven"]
[Date "2023.08.17"]
[Round "8.30"]
[White "Wangthumboon, Patawee"]
[Black "Sinton, Luc"]
[Result "1-0"]
[WhiteElo "1443"]
[BlackElo "1094"]
[PlyCount "49"]
[EventDate "2023.08.13"]
[EventType "team-swiss"]
[EventRounds "9"]
[EventCountry "NED"]
[SourceTitle "CBM 215 Extra"]
[Source "ChessBase"]
[SourceDate "2023.09.30"]
[SourceVersion "1"]
[SourceVersionDate "2023.09.30"]
[SourceQuality "1"]
[WhiteTeam "Thailand"]
[BlackTeam "Cayman Islands"]
[WhiteTeamCountry "THA"]
[BlackTeamCountry "CAY"]

1. e4 c6 2. d4 d5 3. exd5 cxd5 4. Bd3 Nc6 5. c3 Nf6 6. Bf4 e6 7. Nf3 Bd6 8. Bxd6 Qxd6 9. 0-0 0-0 10. Re1 Re8 11. Ne5 g6 12. f4 Nd7 13. Nd2 f6 14. Nxc6 bxc6 15. f5 gxf5 16. Bxf5 Ba6 17. Qg4+ Kh8 18. Bxh7 Kxh7 19. Re3 Qf8 20. Rh3+ Qh6 21. Rxh6+ Kxh6 22. Re1 Rg8 23. Qxe6 Rae8 24. Qh3+ Kg7 25. Qxd7+ 1-0

[Event "World ol U16"]
[Site "Eindhoven"]
[Date "2023.08.15"]
[Round "5.28"]
[White "Wangthumboon, Patawee"]
[Black "Tandeka, Shiloh"]
[Result "1/2-1/2"]
[WhiteElo "1443"]
[BlackElo "1575"]
[PlyCount "63"]
[EventDate "2023.08.13"]
[EventType "team-swiss"]
[EventRounds "9"]
[EventCountry "NED"]
[SourceTitle "CBM 215 Extra"]
[Source "ChessBase"]
[SourceDate "2023.09.30"]
[SourceVersion "1"]
[SourceVersionDate "2023.09.30"]
[SourceQuality "1"]
[WhiteTeam "Thailand"]
[BlackTeam "Uganda II"]
[WhiteTeamCountry "THA"]
[BlackTeamCountry "UGA"]

1. e4 c6 2. d4 d5 3. exd5 cxd5 4. Bd3 Nc6 5. c3 Nf6 6. Bf4 Bg4 7. Qb3 e5 8. dxe5 Nh5 9. Be3 Nxe5 10. Bb5+ Nc6 11. Nd2 Be6 12. Qd1 Nf6 13. Ngf3 a6 14. Ba4 b5 15. Bb3 Bd6 16. h3 h6 17. 0-0 0-0 18. Nd4 Nxd4 19. Bxd4 Re8 20. Nf3 Ne4 21. Re1 Bc5 22. Bc2 Bxd4 23. Nxd4 Qh4 24. Qf3 Bd7 25. Re2 Re5 26. Rae1 Rae8 27. Qd3 Rg5 28. Nf3 Rxg2+ 29. Kxg2 Qxh3+ 30. Kg1 Qg4+ 31. Kh1 Qh3+ 32. Kg1 1/2-1/2

[Event "World ol U16"]
[Site "Eindhoven"]
[Date "2023.08.14"]
[Round "3.26"]
[White "Wangthumboon, Patawee"]
[Black "Mwase, Arthur"]
[Result "1-0"]
[WhiteElo "1443"]
[BlackElo "1683"]
[PlyCount "169"]
[EventDate "2023.08.13"]
[EventType "team-swiss"]
[EventRounds "9"]
[EventCountry "NED"]
[SourceTitle "CBM 215 Extra"]
[Source "ChessBase"]
[SourceDate "2023.09.30"]
[SourceVersion "1"]
[SourceVersionDate "2023.09.30"]
[SourceQuality "1"]
[WhiteTeam "Thailand"]
[BlackTeam "Uganda"]
[WhiteTeamCountry "THA"]
[BlackTeamCountry "UGA"]

1. e4 c6 2. d4 d5 3. exd5 cxd5 4. Bd3 Nc6 5. c3 Nf6 6. Bf4 g6 7. Nf3 Bg7 8. 0-0 0-0 9. Re1 Re8 10. h3 Bd7 11. Nbd2 Qc8 12. Bh2 Bf5 13. Qc2 Bxd3 14. Qxd3 e6 15. Rad1 a5 16. a4 Nd7 17. Qb5 b6 18. Nb1 Na7 19. Qb3 Qa6 20. Na3 Bf8 21. Ne5 Nxe5 22. Bxe5 Rac8 23. Ra1 Bxa3 24. Rxa3 Nc6 25. Bf6 Qc4 26. Qd1 Nb8 27. Bh4 Nd7 28. Bg3 Qc6 29. Qd2 Kg7 30. Rb1 e5 31. dxe5 Nxe5 32. Qd4 f6 33. Rd1 Nc4 34. Ra2 Rcd8 35. b3 Re4 36. Qxe4 dxe4 37. Rxd8 e3 38. bxc4 Qxc4 39. Ra1 Qxc3 40. Rdd1 e2 41. Rdc1 Qd3 42. Rcb1 g5 43. f3 h5 44. Bf2 f5 45. Bxb6 g4 46. fxg4 hxg4 47. hxg4 fxg4 48. Kf2 g3+ 49. Ke1 Qe4 50. Bxa5 Qxg2 51. Bb6 Qf1+ 52. Kd2 g2 53. Bg1 Qf3 54. a5 Qf4+ 55. Kxe2 Qe4+ 56. Kf2 Qd4+ 57. Kxg2 Qd2+ 58. Kf3 Qd3+ 59. Kf4 Qc4+ 60. Ke5 Qc7+ 61. Kd5 Qd7+ 62. Ke4 Qc6+ 63. Kd3 Qd5+ 64. Bd4+ Kf8 65. a6 Qf3+ 66. Kc4 Qe2+ 67. Kc5 Qc2+ 68. Kb5 Qd3+ 69. Kc5 Qc2+ 70. Kd5 Qf5+ 71. Be5 Qd3+ 72. Kc6 Qe4+ 73. Kd6 Qd3+ 74. Kc7 Qc4+ 75. Kb8 Qd5 76. Bc7 Qe6 77. Ka7 Qe3+ 78. Rb6 Qc3 79. Rf1+ Ke8 80. Rb7 Qc5+ 81. Bb6 Qc4 82. Rd1 Qh4 83. Rd8+ Qxd8 84. Bxd8 Kxd8 85. Kb8 1-0

[Event "THA-ch 45th"]
[Site "Ayutthaya"]
[Date "2022.04.10"]
[Round "6"]
[White "Bodemar, Jonathan"]
[Black "Wangthumboon, Patawee"]
[Result "1-0"]
[WhiteElo "1788"]
[BlackElo "1488"]
[PlyCount "71"]
[EventDate "2022.04.08"]
[EventType "swiss"]
[EventRounds "9"]
[EventCountry "THA"]
[SourceTitle "CBM 207 Extra"]
[Source "ChessBase"]
[SourceDate "2022.05.31"]
[SourceVersion "1"]
[SourceVersionDate "2022.05.31"]
[SourceQuality "1"]

1. e4 c5 2. Nc3 Nc6 3. g3 g6 4. Bg2 Bg7 5. d3 e6 6. Be3 d6 7. Qd2 Rb8 8. Nge2 b5 9. 0-0 Nge7 10. Bh6 0-0 11. Bxg7 Kxg7 12. f4 Bd7 13. Nd1 a5 14. Ne3 Qb6 15. h3 Nd4 16. Nc1 b4 17. c3 Nb5 18. Nc4 Qc7 19. Ne2 Bc6 20. f5 exf5 21. exf5 f6 22. Nf4 Bd7 23. fxg6 hxg6 24. Rae1 Rbe8 25. Ne3 Qb8 26. Kh2 Nc7 27. Nc4 Nb5 28. a4 Na7 29. Nxa5 Qc7 30. Nc4 Nac6 31. Ne3 Ne5 32. d4 N5c6 33. Qd3 Nf5 34. Ned5 Qd8 35. Nxg6 Kxg6 36. Nf4+ 1-0

[Event "Nonthaburi SEA Games Qual"]
[Site "Nonthaburi"]
[Date "2021.03.07"]
[Round "7.12"]
[White "Vongrungrot, Kritin"]
[Black "Wangthumboon, Patawee"]
[Result "0-1"]
[WhiteElo "1177"]
[BlackElo "1433"]
[PlyCount "108"]
[EventDate "2021.03.04"]
[EventType "swiss"]
[EventRounds "9"]
[EventCountry "THA"]
[SourceTitle "EXT 2022"]
[Source "ChessBase"]
[SourceDate "2021.10.06"]
[SourceVersion "1"]
[SourceVersionDate "2021.10.06"]
[SourceQuality "1"]

1. e4 c5 2. Nf3 d6 3. d4 cxd4 4. Nxd4 Nf6 5. Nc3 a6 6. f3 e6 7. Be3 Nbd7 8. Be2 b5 9. a3 Bb7 10. Qd2 Qc7 11. g4 h6 12. 0-0-0 d5 13. exd5 Nxd5 14. Nxd5 Bxd5 15. Bf4 Bd6 16. Bxd6 Qxd6 17. g5 Rb8 18. g6 b4 19. gxf7+ Kxf7 20. Nxe6 bxa3 21. Qxd5 axb2+ 22. Kb1 Qxd5 23. Rxd5 Kxe6 24. Rhd1 Nb6 25. Rd6+ Ke7 26. R6d4 Rhc8 27. Re1 Kf8 28. Bxa6 Rc3 29. Rb4 Ra3 30. Ree4 Rxa6 31. c4 Nd7 32. Rxb8+ Nxb8 33. Kxb2 Rf6 34. Rd4 Nc6 35. Rd3 Ne5 36. Rc3 Rxf3 37. Rxf3+ Nxf3 38. h3 Ke7 39. Kc3 Kd6 40. Kb4 Kc6 41. Ka4 Kc5 42. Kb3 g6 43. Kc3 Ng5 44. h4 Nf3 45. h5 g5 46. Kc2 Kxc4 47. Kb2 g4 48. Ka2 g3 49. Kb2 g2 50. Ka2 g1Q 51. Kb2 Qd4+ 52. Ka2 Kc3 53. Kb1 Qd2 54. Ka1 Qb2# 0-1

[Event "Nonthaburi SEA Games Qual"]
[Site "Nonthaburi"]
[Date "2021.03.07"]
[Round "8.9"]
[White "Wangthumboon, Patawee"]
[Black "Mongkolpradit, Harris"]
[Result "1/2-1/2"]
[WhiteElo "1433"]
[BlackElo "1533"]
[PlyCount "78"]
[EventDate "2021.03.04"]
[EventType "swiss"]
[EventRounds "9"]
[EventCountry "THA"]
[SourceTitle "EXT 2022"]
[Source "ChessBase"]
[SourceDate "2021.10.06"]
[SourceVersion "1"]
[SourceVersionDate "2021.10.06"]
[SourceQuality "1"]

1. e4 c5 2. Nf3 Nc6 3. d4 cxd4 4. Nxd4 Nf6 5. Nc3 e5 6. Ndb5 d6 7. Bg5 a6 8. Na3 b5 9. Nd5 Be7 10. Bxf6 Bxf6 11. c3 0-0 12. Nc2 Bg5 13. a4 bxa4 14. Rxa4 a5 15. Bc4 Ne7 16. Nce3 Bxe3 17. Nxe3 Bb7 18. Nd5 Bxd5 19. Bxd5 Ra7 20. 0-0 Qb6 21. b3 Rc8 22. Bc4 Rd8 23. Qf3 Nc8 24. Rd1 Qc7 25. Bd5 Nb6 26. Ra2 Rb8 27. c4 Nxd5 28. Rxd5 a4 29. Rxa4 Rxa4 30. bxa4 Qxc4 31. h3 Qxa4 32. Rxd6 Re8 33. Qd3 g6 34. Rd8 Rxd8 35. Qxd8+ Kg7 36. Qd5 Qa1+ 37. Kh2 Qd4 38. Qxd4 exd4 39. Kg3 Kf6 1/2-1/2

[Event "Pattaya op"]
[Site "Pattaya"]
[Date "2019.10.24"]
[Round "2"]
[White "Richard, Jean Paul"]
[Black "Wangthumboon, Patawee"]
[Result "1/2-1/2"]
[WhiteElo "1707"]
[BlackElo "1218"]
[PlyCount "29"]
[EventDate "2019.10.23"]
[EventType "swiss"]
[EventRounds "9"]
[EventCountry "THA"]
[SourceTitle "CBM 195 Extra"]
[Source "ChessBase"]
[SourceDate "2020.05.31"]
[SourceVersion "1"]
[SourceVersionDate "2020.05.31"]
[SourceQuality "1"]

1. e4 c5 2. d4 cxd4 3. c3 dxc3 4. Nxc3 d6 5. Nf3 Nc6 6. Bc4 e6 7. 0-0 Nge7 8. Qe2 Ng6 9. Bb3 Be7 10. Re1 0-0 11. Be3 Bd7 12. Rab1 Qb8 13. Bc4 a6 14. Nd4 Nxd4 15. Bxd4 1/2-1/2

[Event "Pattaya op"]
[Site "Pattaya"]
[Date "2019.10.24"]
[Round "3"]
[White "Wangthumboon, Patawee"]
[Black "Nagai, Toshiyuki"]
[Result "0-1"]
[WhiteElo "1218"]
[BlackElo "1721"]
[PlyCount "54"]
[EventDate "2019.10.23"]
[EventType "swiss"]
[EventRounds "9"]
[EventCountry "THA"]
[SourceTitle "CBM 195 Extra"]
[Source "ChessBase"]
[SourceDate "2020.05.31"]
[SourceVersion "1"]
[SourceVersionDate "2020.05.31"]
[SourceQuality "1"]

1. e4 d6 2. d4 Nf6 3. Nc3 g6 4. Bg5 Bg7 5. e5 Nfd7 6. exd6 cxd6 7. Nf3 0-0 8. Bc4 Nb6 9. Bb3 Nc6 10. 0-0 Bg4 11. Nd5 Bxf3 12. gxf3 Nxd5 13. Bxd5 Qa5 14. c4 e6 15. Bd2 Qb6 16. Bxc6 Qxc6 17. c5 dxc5 18. dxc5 Bxb2 19. Rb1 Bg7 20. Qb3 Rab8 21. Rfc1 Rfd8 22. Be3 Bd4 23. Bxd4 Rxd4 24. Kg2 Rd5 25. Qb5 Rg5+ 26. Kf1 Qxf3 27. Qa5 Qd3+ 0-1